00900 2200205 4500001002100000005001500021035002000036245006700056100002400123250001700147300002800164260003100192082001200223084001800235020002200253650001700275520034500292008004100637990001600678INLIS00000000000015520240509101615 a0010-05240000771 aKisah 25 Nabi dan Rasul :bNabi Syu'aib /cRirin Astutiningrum0 aRirin Astutiningrum acetakan ke-1 a36 hlm :bilus ;c19 cm aSolo :bTiga Ananda,c2020 a297.246 a297.246 RIR n a978-623-206-401-0 4aReligi Islam aNabi Syu’aib a.s. diutus untuk berdakwah kepada kaum Madyan yang suka menyembah sebuah pohon besar dan berlaku curang dalam berdagang. Namun, kaum Madyan tetap saja melakukan kemaksiatan. Allah SWT kemudian menurunkan azab kepada mereka. Azab apa yang ditimpakan Allah SWT kepada kaum Madyan? Bagaimana pula nasib Nabi Syu’aib a.s.?”240509 0  a00000000548